| 000 | 01291cam a2200349 a 4500 | ||
|---|---|---|---|
| 001 | 12229874 | ||
| 003 | OSt | ||
| 005 | 20240822111431.0 | ||
| 008 | 960229s1996 enka 001 0 eng d | ||
| 010 | _a 00456376 | ||
| 020 | _a0340645881 (pbk.) | ||
| 035 | _a(MiU)notisARB0182 | ||
| 035 | _a(OCoLC)34292221 | ||
| 035 | _a(CStRLIN)MIUGARB0182-B | ||
| 040 |
_aGUA _cmust _dDLC |
||
| 082 | _a005.1 HAL 1996 | ||
| 100 | 1 |
_aHahn, Brian D. _919058 |
|
| 245 | 1 | 0 |
_aPascal for students : _bincluding Turbo Pascal / _cBrian D. Hahn, Ray Kemp. |
| 250 | _a3rd ed. | ||
| 260 |
_aLondon ; _aNew York : _bArnold, _c1996. |
||
| 300 |
_axi, 371 p. : _bill. ; _c25 cm. |
||
| 500 | _aRevision of: Pascal for students / R. Kemp. 2nd ed. 1987. | ||
| 500 | _aIncludes index. | ||
| 630 | 0 | 0 |
_aTurbo Pascal (Computer file) _92144 |
| 650 | 0 |
_aPascal (Computer program language) _92145 |
|
| 700 | 1 |
_aKemp, Ray. _919059 |
|
| 856 | 4 | 1 |
_3Table of contents _uhttp://www.loc.gov/catdir/toc/els051/00456376.html |
| 856 | 4 | 2 |
_3Publisher description _uhttp://www.loc.gov/catdir/description/els031/00456376.html |
| 906 |
_a7 _bcbc _ccopycat _d2 _encip _f19 _gy-gencatlg |
||
| 942 |
_2ddc _cB_BANK |
||
| 999 |
_c9327 _d9327 |
||